000 00249nam a2200121Ia 4500
100 _aD.G.E.T.
942 _cBK
245 _aTOOL & DIE MAKER SYLLABUS
260 _bMINISTRY OF LABOUR
_aNew Delhi
300 _a50
546 _aENGLISH
999 _c24436
_d24436